Lý thuyết tài chính /
Guardat en:
| Autor principal: | |
|---|---|
| Altres autors: | , |
| Format: | Sách giấy |
| Idioma: | Vietnamese |
| Publicat: |
T.P.HCM :
Đại học Tài chính kế toán ,
1994
|
| Etiquetes: |
Afegir etiqueta
Sense etiquetes, Sigues el primer a etiquetar aquest registre!
|
| Thư viện lưu trữ: | Thư viện Trường Đại học Đà Lạt |
|---|
| LEADER | 00725nam a2200277 4500 | ||
|---|---|---|---|
| 001 | DLU020015371 | ||
| 005 | ##8/13/2000 | ||
| 020 | # | # | |a 978- |
| 041 | # | # | |a vie |
| 082 | # | # | |a 332 |b Lyt |
| 090 | # | # | |a 332 |b Lyt |
| 100 | # | # | |a Nguyễn Thanh Tuyền |
| 245 | # | # | |a Lý thuyết tài chính / |c Tuyền Nguyễn Thanh, Minh Dương Thị Bình, Thành Sử Đình |
| 260 | # | # | |a T.P.HCM : |b Đại học Tài chính kế toán , |c 1994 |
| 300 | # | # | |a 252 tr.; |c 20 cm. |
| 700 | # | # | |a Dương Thị Bình Minh |
| 700 | # | # | |a Sử Đình Thành |
| 992 | # | # | |a 22000 |
| 994 | # | # | |a DLU |
| 900 | # | # | |a False |
| 911 | # | # | |a Administrator |
| 925 | # | # | |a G |
| 926 | # | # | |a A |
| 927 | # | # | |a SH |
| 980 | # | # | |a Thư viện Trường Đại học Đà Lạt |